Riconosci la Squadra di calcio - Quiz n°174 - Statistics

Statistiche generali
  • Questo quiz è stato fatto 12 volte
  • Il punteggio medio è 7 su 10
Statistiche sulle risposte
Indizio Risposta % Corretto
Titoli nazionali 5 Titoli di Germania1 Bundesliga 2
100%
Colori sociali Bianco, nero, verde
100%
Divisione nazionale 2023-2024 Prima
100%
Simboli Puledro
100%
Trofei nazionali 3 Coppe di Germania
60%
Confederazione UEFA
60%
Fondazione 1900
50%
Trofei internazionali 2 Coppe UEFA/Europa League
50%
Capienza Stadio 54 014 posti
50%
Squadra Borussia Mönchengladbach
30%
Nessun quiz corrispondente trovato
Distribuzione punteggi
Percentuale di utenti per punteggio
Percentile per numero di risposta
I tuoi punteggi nel tempo
Non hai fatto questo quiz